000 00478nam a2200157Ia 4500
008 181130s2018 xx 000 0 und d
100 _aPramanik, Suvamoy
245 _aRole of government in controlling air pollution
_ba case study of NCR of Delhi
260 _c2018
300 _ap.84-89.
504 _dJan-Jun
650 _aAir pollution
650 _aAir pollution - India - Delhi
773 _aSouth Asian Journal of Socio-Political Studies
906 _aAir pollution
999 _c506197
_d506197